Catálogo

El significado teológico del sacerdocio común según el Concilio Vaticano II / (Registro nro. 61764)

Detalles MARC
000 -LEADER
fixed length control field 00970cam a2200289 i 4500
001 - CONTROL NUMBER
control field 61764
003 - CONTROL NUMBER IDENTIFIER
control field Mx-PuUPA
005 - DATE AND TIME OF LATEST TRANSACTION
control field 20191008160404.0
008 - FIXED-LENGTH DATA ELEMENTS--GENERAL INFORMATION
fixed length control field 141114s2018 mx fr 001 spa d
020 ## - INTERNATIONAL STANDARD BOOK NUMBER
International Standard Book Number 9786078635030
040 ## - CATALOGING SOURCE
Original cataloging agency Mx-PuUPA
Language of cataloging spa
Transcribing agency Mx-PuUPA
Modifying agency Mx-PuUPA
Description conventions rda
041 0# - LANGUAGE CODE
Language code of text/sound track or separate title spa
100 1# - MAIN ENTRY--PERSONAL NAME
Personal name Sánchez Juárez, David Amado,
Relator term autor
9 (RLIN) 9803
245 13 - TITLE STATEMENT
Title El significado teológico del sacerdocio común según el Concilio Vaticano II /
Statement of responsibility, etc. David Amado Sánchez Juárez.
250 ## - EDITION STATEMENT
Edition statement Primera edición
264 31 - PRODUCTION, PUBLICATION, DISTRIBUTION, MANUFACTURE, AND COPYRIGHT NOTICE
Place of production, publication, distribution, manufacture México :
Name of producer, publisher, distributor, manufacturer Obra Nacional de la Buena Prensa,
Date of production, publication, distribution, manufacture, or copyright notice ©2018
300 ## - PHYSICAL DESCRIPTION
Extent 71 páginas ;
Dimensions 21 cm.
336 ## - CONTENT TYPE
Content type term texto
Fuente rdacontent
Content type code txt
337 ## - MEDIA TYPE
Media type term sin medio
Source rdamedia
Media type code n
338 ## - CARRIER TYPE
Carrier type term volumen
Source rdacarrier
Carrier type code nc
490 0# - SERIES STATEMENT
Series statement Cuadernos de Teología ;
Volume/sequential designation 4
650 14 - SUBJECT ADDED ENTRY--TOPICAL TERM
Topical term or geographic name entry element Sacerdotes
General subdivision Filosofía
650 14 - SUBJECT ADDED ENTRY--TOPICAL TERM
Topical term or geographic name entry element Iglesia católica
General subdivision Historia
942 ## - ADDED ENTRY ELEMENTS (KOHA)
Source of classification or shelving scheme Dewey Decimal Classification
Koha item type Libro
Classification part 262.101
Item part S194
Existencias
Withdrawn status Lost status Source of classification or shelving scheme Damaged status Not for loan Collection code Home library Current library Shelving location Date acquired Total Checkouts Full call number Barcode Date last seen Price effective from Koha item type Copy number
    Dewey Decimal Classification   Consulta en sala General Tehuacán Tehuacán Sala general 27/08/2019   262.101 S194 2018 968000000277 08/01/2025 27/08/2019 Reserva permanente  
    Dewey Decimal Classification     General Tehuacán Tehuacán Sala general 27/08/2019   262.101 S194 2018 968000000278 08/01/2025 27/08/2019 Libro Ej.2